00656cam a22002291 4500001001300000003000400013005001700017008004100034010001700075035002000092040001700112042001200129050001800141100002200159245005300181260003900234300003500273500005200308600002800360752002100388999001700409he 65001494 DLC20260227111434.0840326s1965 is 000 0 heb  ahe 65001494  a(OCoLC)19157024 aDLCcMHdDLC apremarc00aHN761.P28bM31 aManor, Alexander.10aYitsḥaḳ Ḳanev :bha-metakhnen ha-sotsyali. aTel Aviv :bMeḳorot,c725 [1965] a11, 152 p. :bports. ;c23 cm. aOn verso of t.p.: Itzhak Kanev, social planner.10aKanevsky, Isaak,d1896- aIsraeldTel Aviv c31390d31390